STN 75 1510: 2009 Hydrológia. Hydrologické údaje podzemných vôd. Kvantifikácia hydrologického režimu hladín podzemných vôd

Podrobná bibliografia
Hlavní autori: Gavurník, Ján (Autor), Kullman, Eugen, 1931-2016 (Autor), Turbek, Jozef (Autor)
Médium: Kniha
Jazyk:slovenčina
Fyzický popis:16 s. 30 cm
Vydavateľské údaje: Bratislava Slovenský ústav technickej normalizácie 2009
Predmet:

MARC

LEADER 00000nam a2200000 a 4500
001 vtls009837268
003 SK-MaSNL
005 20260301025558.0
008 130117s2009 xo f u 000 0 slo
015 |a SNBN2009/03-01109 
020 |c (cen. skup. 11 ) 
035 |a (SVKBBclas03)vtls000301886 
040 |a SNK  |b slo  |c SNK  |e AACR2 
041 0 |a slo 
044 |a xo  |c SK 
046 |a s  |m 200901 (účin.) 
072 7 |a 556.3  |x Hydrológia podzemných vôd. Geohydrológia. Hydrogeológia  |2 konspekt 
080 |a 556.3  |2 2001 
080 |a 006.7/.8  |2 2001 
080 |a (437.6) 2 2001  |2 1981 
080 |a (4)  |2 2001 
080 |a 556.382  |2 2001 
084 |a 13.060.10  |2 ICS 
130 0 |a STN 75 1510  |9 321818 
245 1 0 |a STN 75 1510: 2009 Hydrológia. Hydrologické údaje podzemných vôd. Kvantifikácia hydrologického režimu hladín podzemných vôd  |c spracovateľ Ján Gavurník, Eugen Kullman, Jozef Turbek 
246 1 0 |a Hydrológia 
246 1 0 |a Hydrologické údaje podzemných vôd 
246 1 0 |a Kvantifikácia hydrologického režimu hladín podzemných vôd 
260 |a Bratislava  |b Slovenský ústav technickej normalizácie  |c 2009 
300 |a 16 s.  |c 30 cm 
500 |a Táto norma nahrádza STN 1510 z januára 2000 v celom rozsahu. 
500 |a Súbežný názov v angličtine, francúzštine, nemčine 
540 |a STN vydané na akomkoľvek nosiči sa môžu rozmnožovať a rozširovať iba so súhlasom určenej právnickej osoby  |b SÚTN Bratislava  |c zákon 264/1999 Z.z. 
650 0 7 |a hydrológia  |2 SVKBBPH  |9 853 
650 0 7 |a technické normy a štandardy  |z Slovensko  |2 SVKBBPH  |9 79594 
650 0 7 |a podzemné vody  |2 SVKBBPH  |9 3610 
650 0 7 |a technické normy a štandardy  |z krajiny Európskej únie  |2 SVKBBPH  |9 289341 
655 7 |a normy  |2 SVKBBPH  |9 70643 
700 1 |a Gavurník, Ján  |4 aut  |9 321819 
700 1 |a Kullman, Eugen,  |d 1931-2016  |4 aut  |9 135042 
700 1 |a Turbek, Jozef  |4 aut  |9 8654 
710 2 |a Slovenský ústav technickej normalizácie (Bratislava, Slovensko)  |b Technická komisia: TK: 64 Hydrológia a meteorológia  |4 stn  |9 321820 
774 1 8 |t STN 75 1510: 2000  |d Bratislava : Slovenský ústav technickej normalizácie, 2000  |w vtls000128802 
958 |a OP 
999 |c 572990  |d 574920 
952 |a SNK  |b SNK  |y PREZ  |7 0  |p 17A0612814  |o snkSTN 75 1510  |i snk2009/3806  |8 0  |0 0  |1 0  |4 0  |d 2009-02-26  |l 0  |r 2026-02-23 14:22:43  |w 2026-02-23 
952 |a SNK  |b SNK  |y PREZ  |7 0  |p 17A0612813  |o snkSTN 75 1510 D1  |i snk2009/3808  |8 0  |0 0  |1 0  |4 0  |d 2009-02-26  |l 0  |r 2026-02-23 14:22:43  |w 2026-02-23